[Event "Todd Southam Memorial"]
[Site "Toronto"]
[Date "2004.06.13"]
[Round "6"]
[White "Thavandiran, Shiyam"]
[Black "Allan, Denis"]
[Result "1/2-1/2"]
[WhiteElo "2132"]
[BlackElo "2276"]
[PlyCount "84"]
[EventDate "2004.06.13"]
[EventType "schev (rapid)"]
[EventRounds "6"]
[EventCountry "CAN"]
[SourceTitle "CBM 100 Extra"]
[Source "ChessBase"]
[SourceDate "2004.07.06"]
[SourceVersion "2"]
[SourceVersionDate "2004.07.06"]
[SourceQuality "1"]

1. e4 e5 2. Nf3 Nc6 3. Bc4 d6 4. d4 Bg4 5. c3 Qe7 6. h3 Bd7 7. 0-0 g6 8. Bg5 Nf6 9. Re1 Bg7 10. Nbd2 h6 11. Bh4 g5 12. Bg3 g4 13. hxg4 Bxg4 14. Qb3 Bc8 15. Bb5 Nh5 16. d5 a6 17. dxc6 axb5 18. Bh4 Bf6 19. Bxf6 Nxf6 20. cxb7 Bxb7 21. Qxb5+ c6 22. Qb4 c5 23. Qb5+ Qd7 24. Qd3 Ba6 25. Nc4 Bxc4 26. Qxc4 Rg8 27. g3 Nh5 28. Rad1 Nxg3 29. fxg3 Qh3 30. Re2 Rxg3+ 31. Kf2 Rxf3+ 32. Ke1 Rf1+ 33. Kd2 Rxd1+ 34. Kxd1 Ke7 35. Qd5 Rd8 36. a4 Qf1+ 37. Kd2 Qa1 38. Qb3 c4 39. Qb5 Qb1 40. Re1 Qd3+ 41. Kc1 Rg8 42. Qb7+ Ke6 1/2-1/2

[Event "Toronto Christmas op"]
[Site "Toronto"]
[Date "2000.12.27"]
[Round "2"]
[White "Allan, Denis"]
[Black "Ehrman, Carl"]
[Result "1/2-1/2"]
[WhiteElo "2386"]
[BlackElo "2152"]
[PlyCount "54"]
[EventDate "2000.12.26"]
[EventType "swiss"]
[EventRounds "6"]
[EventCountry "CAN"]
[SourceTitle "EXT 2022"]
[Source "ChessBase"]
[SourceDate "2021.10.06"]
[SourceVersion "1"]
[SourceVersionDate "2021.10.06"]
[SourceQuality "1"]

1. g3 f5 2. Bg2 Nf6 3. d3 e6 4. e4 fxe4 5. dxe4 Nc6 6. Bg5 Be7 7. Nc3 0-0 8. Nf3 d6 9. 0-0 e5 10. h3 Be6 11. Be3 Kh8 12. b3 Qe8 13. Nd5 Bd8 14. Nd2 Ne7 15. c4 c6 16. Nc3 d5 17. exd5 cxd5 18. Bc5 Qd7 19. Kh2 Rc8 20. Bxe7 Bxe7 21. Nxd5 Nxd5 22. cxd5 Bxd5 23. Nc4 Rcd8 24. Bxd5 Qxd5 25. Qe2 Bc5 26. Rad1 Bd4 27. Nd2 Rc8 1/2-1/2

[Event "Toronto op"]
[Site "Toronto"]
[Date "1997.??.??"]
[Round "4"]
[White "Allan, Denis"]
[Black "Tipu, Vincent"]
[Result "0-1"]
[WhiteElo "2390"]
[BlackElo "2365"]
[PlyCount "61"]
[EventDate "1997.??.??"]
[EventType "swiss"]
[EventRounds "7"]
[EventCountry "CAN"]
[SourceTitle "EXT 2001"]
[Source "ChessBase"]
[SourceDate "2000.11.22"]
[SourceVersion "1"]
[SourceVersionDate "2000.11.22"]
[SourceQuality "1"]

1. d4 b5 2. c3 e6 3. Qb3 a6 4. a4 bxa4 5. Rxa4 Nf6 6. Nf3 Be7 7. Nbd2 0-0 8. e4 d6 9. Bd3 Nbd7 10. Qc2 h6 11. 0-0 c5 12. e5 Nd5 13. exd6 Bxd6 14. Ne4 N7b6 15. Nxd6 Qxd6 16. dxc5 Qxc5 17. Rh4 Bb7 18. Bxh6 f5 19. Bxg7 Kxg7 20. Qc1 Rf6 21. Ne5 Rg8 22. c4 Kf8 23. Rh6 Ke8 24. Re1 Nf4 25. g3 Rxg3+ 26. hxg3 Rxh6 27. Be4 Bxe4 28. Rxe4 Nh3+ 29. Kh1 Nxf2+ 30. Kg2 Nxe4 31. Nd3 0-1

[Event "North Bay op"]
[Site "North Bay"]
[Date "1996.??.??"]
[Round "?"]
[White "Saleh, Maher"]
[Black "Allan, Denis"]
[Result "1/2-1/2"]
[WhiteElo "2245"]
[BlackElo "2275"]
[PlyCount "75"]
[EventDate "1996.08.??"]
[EventType "swiss"]
[EventRounds "9"]
[EventCountry "CAN"]
[SourceTitle "EXT 1998"]
[Source "ChessBase"]
[SourceDate "1997.11.17"]
[SourceVersion "1"]
[SourceVersionDate "1997.11.17"]
[SourceQuality "1"]

1. Nf3 c5 2. g3 Nc6 3. d4 cxd4 4. Nxd4 g6 5. Bg2 Bg7 6. Nb3 Nf6 7. Nc3 0-0 8. 0-0 d6 9. Re1 Rb8 10. h3 d5 11. Be3 e6 12. a4 Re8 13. Qc1 e5 14. Rd1 d4 15. Bg5 Be6 16. Nc5 Qc7 17. Nb5 Qb6 18. Nxe6 Rxe6 19. e3 h6 20. exd4 hxg5 21. d5 Re7 22. dxc6 bxc6 23. Nc3 g4 24. a5 Qc7 25. hxg4 Nxg4 26. Ra4 Nf6 27. Rc4 Qxa5 28. Rxc6 e4 29. Rdd6 Qe5 30. Qf4 Qxf4 31. gxf4 Ne8 32. Rd1 Nf6 33. Rdd6 Rxb2 34. Rxf6 Bxf6 35. Nd5 Rb1+ 36. Kh2 Bh4 37. Nxe7+ Bxe7 38. Bxe4 1/2-1/2

[Event "Hastings Challengers 9394"]
[Site "Hastings"]
[Date "1993.??.??"]
[Round "?"]
[White "Conquest, Stuart"]
[Black "Allan, Denis"]
[Result "1-0"]
[WhiteElo "2485"]
[BlackElo "2275"]
[PlyCount "33"]
[EventDate "1993.12.??"]
[EventType "swiss"]
[EventRounds "10"]
[EventCountry "ENG"]
[SourceTitle "EXT 1998"]
[Source "ChessBase"]
[SourceDate "1997.11.17"]
[SourceVersion "1"]
[SourceVersionDate "1997.11.17"]
[SourceQuality "1"]

1. c4 Nf6 2. Nc3 d5 3. cxd5 Nxd5 4. Nf3 c5 5. Qa4+ Nc6 6. Ne5 Bd7 7. Nxd7 Qxd7 8. g3 e6 9. Bg2 Be7 10. d3 0-0 11. Bd2 Rfd8 12. Rd1 a6 13. 0-0 b5 14. Qg4 Rac8 15. Nxd5 exd5 16. Qxd7 Rxd7 17. Bh3 1-0

[Event "Hastings Challengers 9394"]
[Site "Hastings"]
[Date "1993.??.??"]
[Round "?"]
[White "Wells, Peter K"]
[Black "Allan, Denis"]
[Result "1-0"]
[WhiteElo "2455"]
[BlackElo "2275"]
[PlyCount "31"]
[EventDate "1993.12.??"]
[EventType "swiss"]
[EventRounds "10"]
[EventCountry "ENG"]
[SourceTitle "EXT 1998"]
[Source "ChessBase"]
[SourceDate "1997.11.17"]
[SourceVersion "1"]
[SourceVersionDate "1997.11.17"]
[SourceQuality "1"]

1. d4 g6 2. e4 c6 3. Nf3 d5 4. Nbd2 Bg4 5. c3 Nf6 6. Qb3 Qc7 7. e5 Nfd7 8. c4 Bxf3 9. Nxf3 e6 10. h4 Nb6 11. c5 N6d7 12. h5 Bg7 13. Be2 b6 14. Ng5 gxh5 15. Bxh5 Nf8 16. Nxf7 1-0

[Event "US Open-90"]
[Site "Chicago"]
[Date "1989.??.??"]
[Round "7"]
[White "Allan, Denis"]
[Black "Chow, Albert"]
[Result "0-1"]
[WhiteElo "2285"]
[BlackElo "2360"]
[PlyCount "66"]
[EventDate "1989.08.05"]
[EventType "swiss"]
[EventRounds "12"]
[EventCountry "USA"]
[SourceTitle "EXT 1997"]
[Source "ChessBase"]
[SourceDate "1996.11.15"]
[SourceVersion "1"]
[SourceVersionDate "1996.11.15"]
[SourceQuality "1"]

1. d4 e6 2. Nf3 Nf6 3. Bg5 c5 4. e3 h6 5. Bh4 cxd4 6. exd4 b6 7. Bd3 Bb7 8. 0-0 Be7 9. c4 0-0 10. Nc3 d5 11. Bxf6 Bxf6 12. cxd5 exd5 13. Re1 Nc6 14. Bc2 Qd6 15. a3 Na5 16. Ne5 g6 17. Qf3 Bg7 18. Rad1 Rad8 19. Nb5 Qb8 20. Qd3 a6 21. Nc3 b5 22. Qh3 Qd6 23. b3 Bc8 24. Qf3 Bb7 25. a4 b4 26. Na2 Rc8 27. Qd3 Nc6 28. Nxc6 Rxc6 29. Re2 Rfc8 30. Rde1 Kh7 31. Bb1 a5 32. Re7 Ba6 33. Qf3 Qxe7 0-1

[Event "US Open-90"]
[Site "Chicago"]
[Date "1989.??.??"]
[Round "6"]
[White "Ashley, Maurice"]
[Black "Allan, Denis"]
[Result "0-1"]
[WhiteElo "2415"]
[BlackElo "2285"]
[PlyCount "48"]
[EventDate "1989.08.05"]
[EventType "swiss"]
[EventRounds "12"]
[EventCountry "USA"]
[SourceTitle "EXT 1997"]
[Source "ChessBase"]
[SourceDate "1996.11.15"]
[SourceVersion "1"]
[SourceVersionDate "1996.11.15"]
[SourceQuality "1"]

1. c4 Nf6 2. Nc3 c5 3. Nf3 e6 4. d4 cxd4 5. Nxd4 Nc6 6. g3 Bc5 7. e3 0-0 8. Bg2 d5 9. cxd5 exd5 10. 0-0 Bg4 11. Qa4 Qd7 12. Nxc6 bxc6 13. e4 Bh3 14. e5 Bxg2 15. Kxg2 Ng4 16. Bf4 f6 17. exf6 Rxf6 18. Rad1 Qf5 19. f3 Nxh2 20. Kxh2 g5 21. Bxg5 Qxg5 22. Ne2 Re8 23. Nf4 Qh6+ 24. Kg2 Rxf4 0-1

[Event "Interzonal-14b"]
[Site "Szirak"]
[Date "1987.??.??"]
[Round "12"]
[White "Allan, Denis"]
[Black "Beliavsky, Alexander G"]
[Result "0-1"]
[WhiteElo "2310"]
[BlackElo "2620"]
[PlyCount "67"]
[EventDate "1987.07.??"]
[EventType "tourn"]
[EventRounds "17"]
[EventCountry "HUN"]
[EventCategory "12"]
[SourceTitle "CBM 003"]
[Source "ChessBase"]
[SourceDate "1988.04.01"]
[SourceVersion "1"]
[SourceVersionDate "1988.04.01"]
[SourceQuality "1"]

1. e4 e5 2. Nf3 Nc6 3. Nc3 Nf6 4. Bb5 Bb4 5. 0-0 0-0 6. Nd5 Bc5 7. d4 Nxd5 8. dxc5 Nde7 9. b4 d6 10. Bxc6 bxc6 11. cxd6 cxd6 12. c4 Ng6 13. Re1 f5 14. Bg5 Qc7 15. Nh4 Nxh4 16. Bxh4 f4 17. f3 Be6 18. c5 d5 19. exd5 Bxd5 20. b5 Rae8 21. Qd2 Qf7 22. bxc6 Bxc6 23. Rad1 e4 24. fxe4 Bxe4 25. Rf1 Qg6 26. Rc1 h6 27. Rc3 Re6 28. Be1 Bc6 29. Rf2 Rfe8 30. Rc1 f3 31. Qc3 Re2 32. Rxe2 Rxe2 33. Bg3 Rxg2+ 34. Kh1 0-1

[Event "Interzonal-14b"]
[Site "Szirak"]
[Date "1987.??.??"]
[Round "5"]
[White "Allan, Denis"]
[Black "Flear, Glenn C"]
[Result "0-1"]
[WhiteElo "2310"]
[BlackElo "2480"]
[PlyCount "79"]
[EventDate "1987.07.??"]
[EventType "tourn"]
[EventRounds "17"]
[EventCountry "HUN"]
[EventCategory "12"]
[SourceTitle "CBM 003"]
[Source "ChessBase"]
[SourceDate "1988.04.01"]
[SourceVersion "1"]
[SourceVersionDate "1988.04.01"]
[SourceQuality "1"]

1. e4 e5 2. Nf3 Nc6 3. Bb5 a6 4. Ba4 Nf6 5. 0-0 Bc5 6. d3 d6 7. c3 Bd7 8. b4 Ba7 9. Bg5 h6 10. Be3 0-0 11. Bxa7 Rxa7 12. Nbd2 Qe7 13. d4 exd4 14. Bxc6 Bxc6 15. Nxd4 Bd7 16. Re1 Re8 17. h3 Raa8 18. Re3 Rad8 19. Qc2 Nh5 20. Rae1 Nf4 21. Ne2 Ng6 22. Nf3 Qf6 23. c4 c6 24. Qc3 Qxc3 25. Nxc3 Be6 26. c5 dxc5 27. bxc5 Nf4 28. Rb1 Re7 29. Ne1 Rd2 30. a3 a5 31. h4 Bc4 32. e5 Ba6 33. Ne4 Re2 34. Nf3 Rxe3 35. fxe3 Nd3 36. Rd1 Nxe5 37. Rd8+ Kh7 38. Nd4 Ng4 39. Nd6 Rxe3 40. Nf3 0-1

[Event "Canada-ch (zt)"]
[Site "Winnipeg"]
[Date "1986.??.??"]
[Round "?"]
[White "Allan, Denis"]
[Black "Hartman, Brian"]
[Result "1-0"]
[WhiteElo "2280"]
[BlackElo "2380"]
[PlyCount "113"]
[EventDate "1986.07.12"]
[EventType "tourn"]
[EventRounds "15"]
[EventCountry "CAN"]
[EventCategory "3"]
[SourceTitle "CBM 004"]
[Source "ChessBase"]
[SourceDate "1988.06.01"]
[SourceVersion "1"]
[SourceVersionDate "1988.06.01"]
[SourceQuality "1"]

1. c4 Nf6 2. Nc3 g6 3. d4 Bg7 4. e4 d6 5. Nge2 0-0 6. Ng3 Na6 7. Be2 c5 8. d5 Nc7 9. Bg5 a6 10. a4 e6 11. Qd2 exd5 12. exd5 Bd7 13. Qf4 Qe7 14. Nce4 Nce8 15. 0-0 Rc8 16. a5 Rc7 17. Bf3 Qe5 18. Qxe5 dxe5 19. Nxf6+ Bxf6 20. Bxf6 Nxf6 21. d6 Rcc8 22. Bxb7 Rb8 23. Bxa6 Rxb2 24. Rfd1 Ra8 25. Bb5 Bxb5 26. cxb5 Rxb5 27. a6 Nd7 28. Ne4 Rb6 29. a7 Rb7 30. Rac1 Rb5 31. Ra1 f5 32. Nf6+ Nxf6 33. d7 Nxd7 34. Rxd7 Rb6 35. Rc7 c4 36. Rxc4 Rb7 37. Rca4 Kf7 38. Ra6 e4 39. g3 Ke7 40. h4 Kf7 41. Kf1 Kg7 42. R1a5 Rf7 43. Ke2 Rd7 44. Ra3 Kh6 45. Ke3 Kh5 46. Kf4 Rd2 47. Ra2 Rd3 48. R6a3 Rd5 49. Ra5 Rd3 50. g4+ Kxh4 51. gxf5 e3 52. fxe3 g5+ 53. Ke4 Rd7 54. f6 g4 55. Kf4 g3 56. Kf3 Rg7 57. R2a4+ 1-0

[Event "Canada-ch (zt)"]
[Site "Winnipeg"]
[Date "1986.??.??"]
[Round "?"]
[White "Spraggett, Kevin"]
[Black "Allan, Denis"]
[Result "1-0"]
[WhiteElo "2525"]
[BlackElo "2280"]
[PlyCount "77"]
[EventDate "1986.07.12"]
[EventType "tourn"]
[EventRounds "15"]
[EventCountry "CAN"]
[EventCategory "3"]
[SourceTitle "CBM 004"]
[Source "ChessBase"]
[SourceDate "1988.06.01"]
[SourceVersion "1"]
[SourceVersionDate "1988.06.01"]
[SourceQuality "1"]

1. c4 Nf6 2. Nc3 e6 3. d4 Bb4 4. Nf3 d5 5. cxd5 exd5 6. Bg5 Nbd7 7. e3 h6 8. Bh4 c5 9. Bd3 c4 10. Bf5 Qa5 11. Qc2 0-0 12. 0-0 Re8 13. Nd2 a6 14. Rae1 Bxc3 15. bxc3 b5 16. e4 Nb6 17. Bxc8 Raxc8 18. Bxf6 gxf6 19. Re3 Qa3 20. Rg3+ Kh8 21. exd5 Nxd5 22. Qf5 Rcd8 23. Rh3 Qf8 24. Qf3 Qg7 25. Rh5 Ne7 26. Ne4 Ng8 27. a3 Re6 28. Nc5 Re7 29. h3 Qg6 30. Rf5 a5 31. Rb1 Rb8 32. Ne4 Reb7 33. Kh2 Rb6 34. Rf4 b4 35. axb4 axb4 36. cxb4 Rxb4 37. Rxb4 Rxb4 38. Rg4 Qh7 39. Nxf6 1-0

[Event "Olympiad-24"]
[Site "Valetta"]
[Date "1980.11.30"]
[Round "10"]
[White "Zueger, Beat"]
[Black "Allan, Denis"]
[Result "1/2-1/2"]
[WhiteElo "2225"]
[BlackElo "2320"]
[PlyCount "35"]
[EventDate "1980.11.20"]
[EventType "team-swiss"]
[EventRounds "14"]
[EventCountry "MLT"]
[SourceTitle "EXT 2000"]
[Source "ChessBase"]
[SourceDate "1999.11.16"]
[SourceVersion "1"]
[SourceVersionDate "1999.11.16"]
[SourceQuality "1"]
[WhiteTeam "Switzerland"]
[BlackTeam "Canada"]
[WhiteTeamCountry "SUI"]
[BlackTeamCountry "CAN"]

1. c4 Nf6 2. g3 c6 3. Nf3 g6 4. Bg2 Bg7 5. 0-0 0-0 6. d3 d5 7. Qc2 Re8 8. e4 dxe4 9. dxe4 e5 10. Nc3 Nbd7 11. Rd1 Qc7 12. Be3 Nf8 13. Rd2 Bg4 14. Ne1 Qc8 15. f3 Bh3 16. Rad1 Bxg2 17. Kxg2 Ne6 18. a3 1/2-1/2

[Event "Ontario op"]
[Site "Hamilton"]
[Date "1980.05.17"]
[Round "2"]
[White "Allan, Denis"]
[Black "Pacey, Kevin"]
[Result "1-0"]
[WhiteElo "2154"]
[BlackElo "1899"]
[PlyCount "39"]
[EventDate "1980.05.17"]
[EventType "swiss"]
[EventRounds "6"]
[EventCountry "CAN"]
[SourceTitle "EXT 2022"]
[Source "ChessBase"]
[SourceDate "2021.10.06"]
[SourceVersion "1"]
[SourceVersionDate "2021.10.06"]
[SourceQuality "1"]

1. g3 e5 2. Bg2 Nc6 3. c3 d5 4. d4 exd4 5. cxd4 Bf5 6. a3 h6 7. Nc3 Nf6 8. e3 Be7 9. Nge2 Na5 10. Bd2 c6 11. Qa4 Nc4 12. Nxd5 Nxb2 13. Nxf6+ Bxf6 14. Qb3 Qb6 15. Qc3 Bd3 16. Ra2 Bxe2 17. Rxb2 Qa6 18. Rxb7 0-0 19. Qxc6 Qd3 20. Be4 1-0

[Event "Montreal int"]
[Site "Montreal"]
[Date "1980.??.??"]
[Round "?"]
[White "Zurowski, Henry"]
[Black "Allan, Denis"]
[Result "0-1"]
[WhiteElo "2230"]
[BlackElo "2320"]
[PlyCount "90"]
[EventDate "1980.??.??"]
[EventType "tourn"]
[EventRounds "9"]
[EventCountry "CAN"]
[SourceTitle "EXT 1998"]
[Source "ChessBase"]
[SourceDate "1997.11.17"]
[SourceVersion "1"]
[SourceVersionDate "1997.11.17"]
[SourceQuality "1"]

1. e4 c6 2. d4 d5 3. exd5 cxd5 4. Bd3 Nc6 5. c3 Nf6 6. Bf4 Bg4 7. Qb3 Qc8 8. Nd2 e6 9. Ngf3 Be7 10. 0-0 0-0 11. Rfe1 Nh5 12. Be5 Nxe5 13. Nxe5 Nf6 14. f4 Bd6 15. Re3 Bf5 16. Bxf5 exf5 17. c4 dxc4 18. Ndxc4 Bc7 19. Rd1 Nd5 20. Rf3 Rd8 21. Ne3 Qe6 22. Nxd5 Qxd5 23. Qxd5 Rxd5 24. g3 g5 25. Nc4 gxf4 26. gxf4 Rad8 27. Rg3+ Kf8 28. Rgd3 Bxf4 29. Rf3 Rxd4 30. Rxd4 Rxd4 31. b3 b5 32. Na3 a6 33. h3 Bd6 34. Nb1 Rd1+ 35. Rf1 Rd3 36. Kg2 Rg3+ 37. Kf2 Rxh3 38. Rd1 Ke7 39. Nd2 Rd3 40. Ke2 Rg3 41. Kf2 Rc3 42. Rh1 h6 43. Nf3 Bf4 44. Re1+ Kf6 45. Re2 h5 0-1